| 000 | 01537cas a2200349 a 4500 | ||
|---|---|---|---|
| 001 | 11275242 | ||
| 005 | 19981125112657.0 | ||
| 008 | 800628c19749999sz ar eng d | ||
| 010 | _a 83645630 | ||
| 035 | _a(OCoLC)ocm06469422 | ||
| 040 |
_aICMcC _cICMcC _dDLC _dNST _dATLA |
||
| 042 | _alc | ||
| 050 | 0 | 0 |
_aBX6 _b.W67 1977 |
| 082 | 0 |
_a270.8/2 _219 |
|
| 110 | 2 |
_aWorld Council of Churches. _bCentral Committee. |
|
| 245 | 1 | 0 |
_aMinutes of the thirtieth meeting / _cCentral Committee of the World Council of Churches. _b28 July-6 Agust 1977 |
| 260 |
_aGeneva, Switzerland : _bWorld Council of Churches, |
||
| 265 | _aWorld Council of Churches, 150 route de Ferney, 1211 Geneva 20, Switzerland | ||
| 300 |
_a123 p.; _c21 cm. |
||
| 310 | _aAnnual | ||
| 500 | _aDescription based on: 30th (28 July-6 Aug. 1977). | ||
| 530 | _aIssued also on microfilm by American Theological Library Association. | ||
| 590 | _aSERBIB/SERLOC merged record | ||
| 610 | 2 | 0 |
_aWorld Council of Churches. _bCentral Committee _xPeriodicals. |
| 776 | 1 |
_cMicrofilm _dAmerican Theological Library Association _w(DLC)sn 98016421 _w(OCoLC)40400254 |
|
| 780 | 0 | 0 |
_aWorld Council of Churches. Central Committee. _tMinutes and reports of the meeting _w(OCoLC)3890897 |
| 906 |
_a7 _bcbc _cserials _d2 _encip _f19 _gn-oclcserc |
||
| 936 | _a48th (11-19 Sept. 1997) LIC | ||
| 942 |
_2lcc _cBK |
||
| 999 |
_c29268 _d29268 |
||